<?xml version="1.0" encoding="UTF-8"?>
<record
    xmlns:xsi="http://www.w3.org/2001/XMLSchema-instance"
    xsi:schemaLocation="http://www.loc.gov/MARC21/slim http://www.loc.gov/standards/marcxml/schema/MARC21slim.xsd"
    xmlns="http://www.loc.gov/MARC21/slim">

  <leader>00812nam a22002417a 4500</leader>
  <controlfield tag="003">OSt</controlfield>
  <controlfield tag="005">20250901010947.0</controlfield>
  <controlfield tag="008">250901t2025    |||||||| |||| 00| | eng d</controlfield>
  <datafield tag="020" ind1=" " ind2=" ">
    <subfield code="a">978-1-77956-383-5</subfield>
  </datafield>
  <datafield tag="040" ind1=" " ind2=" ">
    <subfield code="c">JMCFI - Learning Resource Center</subfield>
  </datafield>
  <datafield tag="082" ind1=" " ind2=" ">
    <subfield code="a">GS/Cir. 375.00'373 Ar725 2025</subfield>
  </datafield>
  <datafield tag="100" ind1=" " ind2=" ">
    <subfield code="a">Arlos, Aisa P</subfield>
    <subfield code="9">41226</subfield>
  </datafield>
  <datafield tag="245" ind1=" " ind2=" ">
    <subfield code="a">Secondary curriculum design and delivery /</subfield>
    <subfield code="c">Aisa P. Arlos.</subfield>
  </datafield>
  <datafield tag="260" ind1=" " ind2=" ">
    <subfield code="a">Canada :</subfield>
    <subfield code="b">Society Publishing,</subfield>
    <subfield code="c">2025.</subfield>
  </datafield>
  <datafield tag="300" ind1=" " ind2=" ">
    <subfield code="a">ix, 403 pages ;</subfield>
    <subfield code="c">23 cm</subfield>
  </datafield>
  <datafield tag="500" ind1=" " ind2=" ">
    <subfield code="a">Includes indexes and biographical records.</subfield>
  </datafield>
  <datafield tag="504" ind1=" " ind2=" ">
    <subfield code="a">Includes bibliographical references.</subfield>
  </datafield>
  <datafield tag="650" ind1=" " ind2=" ">
    <subfield code="a">Education</subfield>
    <subfield code="x">Curricula.</subfield>
    <subfield code="9">3073</subfield>
  </datafield>
  <datafield tag="650" ind1=" " ind2=" ">
    <subfield code="a">Secondary education</subfield>
    <subfield code="x">Curricula.</subfield>
    <subfield code="9">23711</subfield>
  </datafield>
  <datafield tag="650" ind1=" " ind2=" ">
    <subfield code="a">Curriculum design.</subfield>
    <subfield code="9">31115</subfield>
  </datafield>
  <datafield tag="650" ind1=" " ind2=" ">
    <subfield code="a">Curriculum development.</subfield>
    <subfield code="9">3072</subfield>
  </datafield>
  <datafield tag="942" ind1=" " ind2=" ">
    <subfield code="2">ddc</subfield>
    <subfield code="c">BK</subfield>
    <subfield code="n">0</subfield>
  </datafield>
  <datafield tag="999" ind1=" " ind2=" ">
    <subfield code="c">13335</subfield>
    <subfield code="d">13335</subfield>
  </datafield>
  <datafield tag="952" ind1=" " ind2=" ">
    <subfield code="0">0</subfield>
    <subfield code="1">0</subfield>
    <subfield code="2">ddc</subfield>
    <subfield code="4">0</subfield>
    <subfield code="7">0</subfield>
    <subfield code="a">GS</subfield>
    <subfield code="b">GS</subfield>
    <subfield code="c">GS/Cir.</subfield>
    <subfield code="d">2025-04-12</subfield>
    <subfield code="l">0</subfield>
    <subfield code="o">GS/Cir. 375.00'373 Ar725 2025 c1</subfield>
    <subfield code="p">GS00000103</subfield>
    <subfield code="r">2025-09-01</subfield>
    <subfield code="t">1</subfield>
    <subfield code="w">2025-09-01</subfield>
    <subfield code="y">BK</subfield>
  </datafield>
  <datafield tag="952" ind1=" " ind2=" ">
    <subfield code="0">0</subfield>
    <subfield code="1">0</subfield>
    <subfield code="2">ddc</subfield>
    <subfield code="4">0</subfield>
    <subfield code="7">0</subfield>
    <subfield code="a">GS</subfield>
    <subfield code="b">GS</subfield>
    <subfield code="c">GS/Cir.</subfield>
    <subfield code="d">2025-04-12</subfield>
    <subfield code="l">0</subfield>
    <subfield code="o">GS/Cir. 375.00'373 Ar725 2025 c2</subfield>
    <subfield code="p">GS00000104</subfield>
    <subfield code="r">2025-09-01</subfield>
    <subfield code="t">2</subfield>
    <subfield code="w">2025-09-01</subfield>
    <subfield code="y">BK</subfield>
  </datafield>
  <datafield tag="952" ind1=" " ind2=" ">
    <subfield code="0">0</subfield>
    <subfield code="1">0</subfield>
    <subfield code="2">ddc</subfield>
    <subfield code="4">0</subfield>
    <subfield code="7">0</subfield>
    <subfield code="a">GS</subfield>
    <subfield code="b">GS</subfield>
    <subfield code="c">GS/Cir.</subfield>
    <subfield code="d">2025-04-12</subfield>
    <subfield code="l">0</subfield>
    <subfield code="o">GS/Cir. 375.00'373 Ar725 2025 c3</subfield>
    <subfield code="p">GS00000105</subfield>
    <subfield code="r">2025-09-01</subfield>
    <subfield code="t">3</subfield>
    <subfield code="w">2025-09-01</subfield>
    <subfield code="y">BK</subfield>
  </datafield>
  <datafield tag="952" ind1=" " ind2=" ">
    <subfield code="0">0</subfield>
    <subfield code="1">0</subfield>
    <subfield code="2">ddc</subfield>
    <subfield code="4">0</subfield>
    <subfield code="7">0</subfield>
    <subfield code="a">GS</subfield>
    <subfield code="b">GS</subfield>
    <subfield code="c">GS/Cir.</subfield>
    <subfield code="d">2026-06-25</subfield>
    <subfield code="l">0</subfield>
    <subfield code="o">GS/Cir. 375.00'373 Ar725 2025 c4</subfield>
    <subfield code="p">GS00000406</subfield>
    <subfield code="r">2026-06-25</subfield>
    <subfield code="t">4</subfield>
    <subfield code="w">2026-06-25</subfield>
    <subfield code="y">BK</subfield>
  </datafield>
</record>
